| 000 | 00693nam a2200181 a 4500 | ||
|---|---|---|---|
| 003 | 0 | ||
| 005 | 20250528141953.0 | ||
| 008 | 021122s19uu xx 00 eng d | ||
| 050 |
_aPHS BL 625 _b.G43 2002 |
||
| 100 | _aGebana, Michelle M. | ||
| 245 |
_aThe Perceived causes and effects of the converts towards the religion of Jehovah's witnesses / _cMichelle M. Gebana. |
||
| 260 |
_aLas Piñas City, Philippines : _bSouthville International School and Colleges, _c2002. |
||
| 300 |
_a36 pages ; _c28 cm. |
||
| 504 | _aIncludes bibliographical references. | ||
| 650 |
_aJehovah’s Witnesses _xConversion. |
||
| 650 |
_aConversion _xReligious aspects _vJehovah’s Witnesses. |
||
| 942 |
_2lcc _cPASS |
||
| 999 |
_c96706 _d96706 |
||